00000000nas##2200000za#4500
0019.500713
003CaOODSP
00520200325065236
007cr |||||||||||
008150406c1999||||xxc|| p o||||f|   |0eng|d
040 |aCaOODSP|beng
041 |aeng
041 |afre
043 |an-cn---
0861 |aH72-1/1-PDF
1101 |aCanada. |bHealth Canada.
24510|aNational inventory of treatment programs for child sexual abuse offenders / |h[electronic resource]|cPrepared by the National Clearinghouse on Family Violence.
260 |aOttawa - Ontario : |bHealth Canada
310 |aAnnual
3621 |a1999--
69007|aSexual offenses|2gcpds
69007|aViolence against children|2gcpds
792 |tRépertoire national des programmes de traitement pour auteurs d'agressions sexuelles sur les enfants / |efre|w(CaOODSP)9.500714